000 00799nam a22002537a 4500
999 _c259730
_d259729
003 OSt
005 20230316155220.0
008 230214b xxu||||| |||| 00| 0 eng d
010 _a2001272326
020 _a0072132450
040 _aDLC
_bEng
_cDLC
_dDLC
_erda
050 _aHF5548.4.M523
_bI 942 2001
100 _aIvens, Kathy.
245 _a Excel 2002 :
_b the complete reference /
_c Kathy Ivens, Conrad Carlberg.
246 _aComplete reference, Excel 2002
260 _aNew York :
_b Osborne/McGraw-Hill,
_c c2001.
300 _axxxii, 759 p. :
_bill. ;
_c24 cm.
500 _a Includes index.
630 _aMicrosoft Excel (Computer file)
650 _2Business
_xComputer programs.
650 _2Electronic spreadsheets.
700 _aCarlberg, Conrad George.
942 _2lcc
_cREF